[Event "39th IND-chT 2019"]
[Site "Kolkata"]
[Date "2019.02.10"]
[Round "8.4"]
[White "Sengupta, Deep"]
[Black "Himanshu, Sharma"]
[Result "1/2-1/2"]
[WhiteElo "2555"]
[BlackElo "2441"]
[Annotator "ChessBase"]
[PlyCount "119"]
[EventDate "2019.??.??"]
[EventCountry "IND"]
[SourceTitle "playchess.com"]
[Source "ChessBase"]
[SourceQuality "1"]
[TimeControl "5400+30"]

1. e4 {[%emt 0:00:00]} c5 {[%emt 0:00:00]} 2. Nf3 {[%emt 0:00:00]} e6 {[%emt 0:00:05]} 3. d4 {[%emt 0:00:00]} cxd4 {[%emt 0:00:10]} 4. Nxd4 {[%emt 0:00:00]} Nc6 {[%emt 0:00:05]} 5. Nc3 {[%emt 0:00:00]} Qc7 {[%emt 0:01:54]} 6. g3 {[%emt 0:00:58]} a6 {[%emt 0:02:32]} 7. Bg2 {[%emt 0:00:05]} d6 {[%emt 0:02:26]} 8. O-O {[%emt 0:00:14]} Bd7 {[%emt 0:03:07]} 9. Re1 {[%emt 0:08:45]} Nf6 {[%emt 0:02:35]} 10. Nb3 {[%emt 0:14:36]} Be7 {[%emt 0:01:02]} 11. a4 {[%emt 0:00:28]} b6 {[%emt 0:06:33]} 12. f4 {[%emt 0:03:23]} Bc8 {[%emt 0:07:01]} 13. Qe2 {[%emt 0:18:29]} O-O {[%emt 0:05:15]} 14. Be3 {[%emt 0:09:50]} Bb7 {[%emt 0:02:44]} 15. g4 {[%emt 0:01:56]} Rfe8 {[%emt 0:02:44]} 16. g5 {[%emt 0:00:13]} Nd7 {[%emt 0:00:06]} 17. Rad1 {[%emt 0:02:07]} Bf8 {[%emt 0:01:49]} 18. Qf2 {[%emt 0:00:11]} Rab8 {[%emt 0:03:22]} 19. Rf1 {[%emt 0:02:24]} g6 {[%emt 0:01:09]} 20. Qh4 {[%emt 0:02:34]} Bg7 {[%emt 0:03:08]} 21. Rf3 {[%emt 0:00:44]} Nb4 {[%emt 0:01:31]} 22. Rh3 {[%emt 0:02:55]} Nf8 {[%emt 0:02:51]} 23. Rd2 {[%emt 0:01:37]} Bc8 {[%emt 0:05:41]} 24. Bf2 {[%emt 0:05:12]} Nc6 {[%emt 0:22:25]} 25. Rhd3 {[%emt 0:05:26]} Rd8 {[%emt 0:00:36]} 26. f5 {[%emt 0:00:11]} Ne5 {[%emt 0:01:46]} 27. f6 {[%emt 0:05:29]} Bh8 {[%emt 0:01:21]} 28. Qg3 {[%emt 0:05:00]} Nxd3 {[%emt 0:03:22]} 29. Qxd3 {[%emt 0:00:19]} Bb7 {[%emt 0:00:31]} 30. Qe3 {[%emt 0:01:52]} Ba8 {[%emt 0:05:30]} 31. Bf1 {[%emt 0:00:11]} Qc8 {[%emt 0:05:24]} 32. Nc1 {[%emt 0:00:22]} h6 {[%emt 0:02:55]} 33. h4 {[%emt 0:00:06]} Nh7 {[%emt 0:01:28]} 34. Qg3 {[%emt 0:02:56]} b5 {[%emt 0:02:33]} 35. axb5 {[%emt 0:04:59]} axb5 {[%emt 0:00:02]} 36. Nxb5 {[%emt 0:02:02]} Rxb5 {[%emt 0:00:03]} 37. Bxb5 {[%emt 0:00:03]} Qb7 {[%emt 0:00:03]} 38. Bd3 {[%emt 0:01:20]} Qxb2 {[%emt 0:00:11]} 39. Nb3 {[%emt 0:00:56]} Qb1+ {[%emt 0:01:02]} 40. Kh2 {[%emt 0:00:08]} hxg5 {[%emt 0:00:14]} 41. hxg5 {[%emt 0:00:01]} Nxf6 {[%emt 0:01:46]} 42. gxf6 {[%emt 0:00:57]} Bxf6 {[%emt 0:00:04]} 43. Bd4 {[%emt 0:00:50]} Bxd4 {[%emt 0:00:17]} 44. Nxd4 {[%emt 0:00:01]} Kg7 {[%emt 0:00:10]} 45. Qg1 {[%emt 0:01:09]} Qb8 {[%emt 0:01:10]} 46. Kg2 {[%emt 0:01:20]} d5 {[%emt 0:00:35]} 47. Qe3 {[%emt 0:00:27]} dxe4 {[%emt 0:00:51]} 48. Bxe4 {[%emt 0:00:14]} Qe5 {[%emt 0:00:41]} 49. Nxe6+ {[%emt 0:00:56]} Qxe6 {[%emt 0:00:00]} 50. Rxd8 {[%emt 0:00:21]} Qxe4+ {[%emt 0:01:16]} 51. Qxe4 {[%emt 0:00:07]} Bxe4+ {[%emt 0:00:02]} 52. Kg3 {[%emt 0:00:08]} Bxc2 {[%emt 0:00:05]} 53. Rd2 {[%emt 0:00:55]} Bb3 {[%emt 0:00:18]} 54. Kf4 {[%emt 0:00:04]} Be6 {[%emt 0:00:51]} 55. Rf2 {[%emt 0:00:35]} f6 {[%emt 0:00:50]} 56. Rg2 {[%emt 0:00:02]} Kh6 {[%emt 0:00:45]} 57. Rh2+ {[%emt 0:00:01]} Kg7 {[%emt 0:00:05]} 58. Rg2 {[%emt 0:00:01]} Bf7 {[%emt 0:00:22]} 59. Rg1 {[%emt 0:00:03]} Be6 {[%emt 0:00:31]} 60. Ke4 1/2-1/2

[Event "39th IND-chT 2019"]
[Site "Kolkata"]
[Date "2019.02.10"]
[Round "8.5"]
[White "Sidhant, Mohapatra"]
[Black "Bakre, Tejas"]
[Result "1/2-1/2"]
[WhiteElo "2330"]
[BlackElo "2443"]
[Annotator "TA"]
[PlyCount "20"]
[EventDate "2019.??.??"]
[EventCountry "IND"]
[SourceTitle "playchess.com"]
[Source "ChessBase"]
[SourceQuality "1"]

{[%evp 9,20,30,23,24,30,25,31,19,37,26,29,26,54]} 1. e4 c5 2. Nf3 d6 3. c3 Nf6 4. h3 Nbd7 5. Bd3 b6 6. O-O {B50: Sicilian: 2...d6, Miscellaneous} Bb7 7. Re1 g6 (7... Qc7 8. Bc2 Rc8 9. d3 g6 10. a4 Bg7 11. Na3 O-O 12. Bg5 e5 13. Qd2 d5 {0-1 (35) Bauer,C (2623)-Korobov,A (2700) Berlin 2015}) 8. Bc2 Bg7 9. d4 {Black must now prevent e5.} O-O 10. a4 Rc8 $146 ({Predecessor:} 10... a6 11. d5 Ne5 12. Nxe5 dxe5 13. c4 Ne8 {1-0 (41) Bujisho,B (2299)-Birens,E (2058) Cannes 2000}) 1/2-1/2

[Event "39th IND-chT 2019"]
[Site "Kolkata"]
[Date "2019.02.10"]
[Round "8.6"]
[White "Satyapragyan, Swayangsu"]
[Black "Sahoo, Utkal Ranjan"]
[Result "1/2-1/2"]
[WhiteElo "2381"]
[BlackElo "2356"]
[Annotator "NA"]
[PlyCount "72"]
[EventDate "2019.??.??"]
[EventCountry "IND"]
[SourceTitle "playchess.com"]
[Source "ChessBase"]
[SourceQuality "1"]
[TimeControl "5400+30"]

1. e4 {[%emt 0:00:46]} e5 {[%emt 0:00:00]} 2. Nf3 {[%emt 0:00:05]} Nc6 {[%emt 0:00:00]} 3. Nc3 {[%emt 0:00:24]} Nf6 {[%emt 0:00:33]} 4. d4 {[%emt 0:00:05]} exd4 {[%emt 0:00:54]} 5. Nxd4 {[%emt 0:00:14]} Bb4 {[%emt 0:03:32]} 6. Nxc6 {[%emt 0:00:14]} bxc6 {[%emt 0:00:28]} 7. Bd3 {[%emt 0:00:05]} d5 {[%emt 0:00:42]} 8. exd5 {[%emt 0:00:05]} cxd5 {[%emt 0:00:22]} 9. O-O {[%emt 0:00:06]} O-O {[%emt 0:00:06]} 10. h3 {[%emt 0:00:09]} c6 {[%emt 0:04:37]} 11. Qf3 {[%emt 0:00:23]} Bd6 {[%emt 0:01:05]} 12. Bf4 {[%emt 0:02:17]} Rb8 {[%emt 0:02:59]} 13. b3 {[%emt 0:03:31]} Qc7 {[%emt 0:02:40]} 14. Bxd6 {[%emt 0:06:39]} Qxd6 {[%emt 0:00:02]} 15. Rfe1 {[%emt 0:01:37]} Bd7 {[%emt 0:01:18]} 16. Qg3 {[%emt 0:17:12]} Qxg3 {[%emt 0:07:33]} 17. fxg3 {[%emt 0:00:06]} c5 {[%emt 0:06:17]} 18. Re7 {[%emt 0:04:57]} Rfd8 {[%emt 0:02:46]} 19. g4 {[%emt 0:04:23]} h6 {[%emt 0:01:34]} 20. Rf1 {[%emt 0:04:59]} Rb6 {[%emt 0:04:17]} 21. Re2 {[%emt 0:03:58]} Re6 {[%emt 0:15:27]} 22. Ref2 {[%emt 0:02:21]} Re5 {[%emt 0:05:00]} 23. Ne2 {[%emt 0:09:36]} Rde8 {[%emt 0:06:20]} 24. Ng3 {[%emt 0:00:55]} Re1 {[%emt 0:00:23]} 25. Rxe1 {[%emt 0:07:02]} Rxe1+ {[%emt 0:00:03]} 26. Rf1 {[%emt 0:00:08]} Rxf1+ {[%emt 0:04:00]} 27. Kxf1 {[%emt 0:00:09]} g6 {[%emt 0:01:47]} 28. c3 {[%emt 0:01:41]} Kf8 {[%emt 0:01:28]} 29. a3 {[%emt 0:03:26]} Ke7 {[%emt 0:03:52]} 30. Ke2 {[%emt 0:03:38]} Kd6 {[%emt 0:00:45]} 31. Nf1 {[%emt 0:08:34]} Bc6 {[%emt 0:03:06]} 32. Kf2 {[%emt 0:06:00]} Nd7 {[%emt 0:02:11]} 33. Nd2 {[%emt 0:02:18]} Ne5 {[%emt 0:00:29]} 34. Bf1 {[%emt 0:00:49]} a5 {[%emt 0:04:59]} 35. Ke3 {[%emt 0:01:45]} Bd7 {[%emt 0:01:35]} 36. Be2 {[%emt 0:01:33]} Bc6 {Ke4} 1/2-1/2

[Event "39th IND-chT 2019"]
[Site "Kolkata"]
[Date "2019.02.10"]
[Round "8.9"]
[White "Vignesh N R"]
[Black "Deshmukh, Anup"]
[Result "1/2-1/2"]
[WhiteElo "2473"]
[BlackElo "2259"]
[Annotator "TA"]
[PlyCount "92"]
[EventDate "2019.??.??"]
[EventCountry "IND"]
[SourceTitle "playchess.com"]
[Source "ChessBase"]
[SourceQuality "1"]

{[%evp 19,92,28,27,14,8,13,12,13,13,13,13,-14,32,29,27,24,20,29,19,20,23,0,0,0,19,0,0,-8,-8,-19,15,14,41,0,36,31,27,27,31,0,54,40,42,49,67,66,83,66,75,25,25,26,68,60,85,78,80,20,13,0,0,0,0,0,0,0,0,0,0,0,0,0,3,2,3]} 1. e4 e5 2. Nf3 Nc6 3. Bc4 Nf6 4. d3 Be7 5. O-O d6 6. Re1 O-O 7. a4 Be6 8. a5 a6 9. Nbd2 {[%cal Bb1d2,Bd2f1,Bf1e3][%mdl 32]} Qd7 10. c3 h6 11. Nf1 {C55: Two Knights: 4 d3, 4 d4 exd4 5 e5 and Max Lange Attack} (11. Qb3 Rab8 12. h3 Kh8 13. Nf1 Nh5 14. d4 Bxc4 15. Qxc4 f5 16. dxe5 Nxe5 17. Qe2 Ng6 18. exf5 Rxf5 {½-½ (44) Heberla,B (2558)-Wang,H (2706) Czech Republic 2018}) 11... d5 $146 ({Predecessor:} 11... Rfe8 12. Ng3 d5 13. Bb3 dxe4 14. dxe4 Qxd1 15. Bxd1 b5 16. axb6 cxb6 17. Be2 b5 18. b4 Reb8 {½-½ (50) Brunello,S (2555)-Tarjan,J (2412) Douglas 2017}) 12. exd5 Bxd5 13. Bxd5 Qxd5 14. Ne3 Qd7 15. Qb3 Rab8 16. Nc4 Bd6 $1 17. Ncxe5 Bxe5 18. Nxe5 Nxe5 19. Rxe5 Qxd3 20. Bf4 b6 21. Re3 Qd5 22. c4 Qc6 23. Re7 bxa5 24. Qc3 Rb7 25. Be5 Rfb8 26. Bxf6 Qxf6 27. Qxf6 gxf6 28. Rxa5 $14 {[%mdl 4096] Endgame KRR-KRR} Kf8 29. Re1 (29. Rd7 {feels hotter.} Re8 30. g3 Kg7 31. Rc5 Rc8 32. Kg2) 29... Ra7 (29... Rxb2 $11 30. Rxa6 R8b6 31. Rxb6 Rxb6) 30. Re2 Rb4 31. Rc2 Ke7 32. g3 Rb6 33. Kg2 Rab7 34. Re2+ Re6 35. Rd2 Rbb6 36. Rh5 Rb4 37. Rc5 Rb7 38. h4 (38. Rdd5 $16) 38... Re5 $11 {The position is equal.} 39. Rxe5+ (39. Rdd5 {is more complex.} Rxd5 40. cxd5 Kd6 41. Rc6+ Kxd5 42. Rxf6 Rxb2 43. Rxh6 Rb6 44. Rh8) 39... fxe5 {KR-KR} 40. Rd5 f6 41. Ra5 Rxb2 42. Rxa6 Rb6 43. Ra8 Rc6 44. Rh8 Kf7 45. Rxh6 Kg7 46. Rh5 Rxc4 {Accuracy: White = 56%, Black = 69%.} 1/2-1/2

[Event "39th IND-chT 2019"]
[Site "Kolkata"]
[Date "2019.02.11"]
[Round "9.1"]
[White "Ganguly, Surya Shekhar"]
[Black "Aronyak Ghosh"]
[Result "1/2-1/2"]
[WhiteElo "2636"]
[BlackElo "2324"]
[Annotator "TA"]
[PlyCount "126"]
[EventDate "2019.??.??"]
[EventCountry "IND"]
[SourceTitle "playchess.com"]
[Source "ChessBase"]
[SourceQuality "1"]

{[%evp 16,126,41,9,34,40,37,39,37,34,54,45,35,31,47,39,67,58,54,51,57,24,62,0,56,58,78,69,81,81,101,78,101,91,135,103,158,141,247,240,248,240,220,195,189,100,264,259,462,465,456,460,468,452,433,430,393,212,182,161,168,156,147,144,152,161,158,152,158,149,133,0,136,127,145,141,151,149,132,129,177,165,186,177,168,124,228,99,120,99,91,98,132,125,230,18,18,0,18,8,10,11,82,78,90,0,1,0,0,0,0,0,0]} 1. e4 c6 2. d4 d5 3. exd5 cxd5 4. Bd3 Nc6 5. c3 Nf6 6. Bf4 g6 7. Nf3 Bg7 8. Nbd2 O-O 9. h3 b6 {B13: Caro-Kann: Exchange Variation and Panov-Botvinnik Attack} (9... a6 10. a4 Bf5 11. Bxf5 gxf5 12. g4 Qd7 13. Qc2 Ne4 14. Rg1 Kh8 15. Be3 Rac8 16. Qd3 Nxd2 17. Kxd2 Na5 {½-½ (56) Sychev,K (2498)-Popov,I (2599) Moscow 2017}) 10. O-O Bb7 11. Re1 Rc8 {White is slightly better.} 12. Qe2 e6 13. a4 Na5 14. Ne5 Nh5 $146 ({Predecessor:} 14... Nd7) 15. Be3 Qc7 16. g4 Nf6 17. Bf4 {Strongly threatening Nxg6.} Qd8 18. Bg5 Qd6 19. Bf4 {And now Nxg6 would win.} Qd8 $1 20. Bg3 $36 {[%mdl 2048] White has the initiative.} Nd7 21. f4 Nf6 22. Rf1 Ne8 23. f5 exf5 24. gxf5 Nf6 25. Bh4 Qd6 (25... Qc7 $142) 26. Rae1 $1 $16 (26. fxg6 $6 fxg6 27. Rae1 Nd7 $16) 26... Ne4 (26... Nc6 $16 27. Qg2 (27. fxg6 fxg6 28. Bb5 Rc7 $16) 27... Qc7) 27. Bxe4 $18 dxe4 28. f6 $1 {[%cal Rf6g7]} (28. Nxe4 $6 Qd5) 28... Bh6 29. Nxe4 Qd5 30. Qb5 (30. Ng4 $1 $18 {[%cal Rg4h6]} Bc1 31. Rxc1 Qxe4 32. Qxe4 Bxe4 33. Nh6+ Kh8 34. Rfe1) 30... Qxb5 $2 (30... Rfd8 $16) 31. axb5 Rfd8 $2 (31... Bxe4 32. Rxe4 Rfe8) 32. Nxf7 $1 Kxf7 33. Ng5+ Bxg5 34. Re7+ Kg8 35. Bxg5 {Intending f7+ and mate.} Rf8 36. f7+ (36. Rg7+ $142 Kh8 37. Re1) 36... Kg7 37. Bf6+ Kh6 38. Rf4 {[%cal Rf4h4]} g5 39. Rg4 Bd5 40. Bxg5+ Kg7 41. Bh4+ $1 {[%mdl 1024] White has strong compensation.} ({Stronger than} 41. Rxa7 h5 $15) 41... Kh6 42. Rf4 Kg6 {[%cal Rf8f7]} 43. Rg4+ ({And not} 43. Rxa7 Rxf7 44. Raxf7 Bxf7 $11) 43... Kh6 44. Bf6 {White threatens Bg7+ and mate.} Rxf7 45. Bg7+ Rxg7 46. Rgxg7 Be4 47. Rxa7 Bg6 48. b4 Nb3 49. Rgc7 Rf8 50. Rc6 Kg5 (50... Nd2 $16 {was necessary.}) 51. Rxb6 (51. Ra2 $1 $18 {and the rest is easy.}) 51... Nd2 $16 52. Re6 {b6 is the strong threat.} Nf3+ 53. Kh1 $1 {Black must now prevent b6.} Kf4 54. Kg2 Ng5 (54... Rg8 $16 55. Ree7 (55. Rf6+ Bf5+ 56. Kf2 Nd2 $16) 55... Nd2) 55. Rxg6 $2 (55. Ree7 $18) 55... hxg6 $18 {[%mdl 4096] Endgame KRN-KR} 56. Ra2 {Threatens to win with Rf2+.} Ke3 57. c4 Kxd4 58. c5 Ne6 {[#]} (58... Nf3 $11) 59. b6 $1 $16 Rb8 {[#]} 60. Kg3 (60. Rd2+ $1 $16 Ke5 61. Rf2) 60... Kc4 $11 {The position is equal.} 61. Re2 Nd8 62. Re8 Nc6 63. Re6 Kb5 {Accuracy: White = 53%, Black = 42%.} 1/2-1/2

[Event "39th IND-chT 2019"]
[Site "Kolkata"]
[Date "2019.02.11"]
[Round "9.2"]
[White "Subhayan Kundu"]
[Black "Aravindh, Chithambaram VR."]
[Result "1/2-1/2"]
[WhiteElo "2354"]
[BlackElo "2601"]
[Annotator "TA"]
[PlyCount "51"]
[EventDate "2019.??.??"]
[EventCountry "IND"]
[SourceTitle "playchess.com"]
[Source "ChessBase"]
[SourceQuality "1"]

{[%evp 23,51,0,0,0,0,0,0,0,0,0,0,0,0,0,0,0,0,0,0,0,0,0,0,0,0,0,4,0,3,0]} 1. b3 b6 2. Nf3 Bb7 3. g3 Nf6 4. Bb2 g6 5. Bg2 Bg7 6. O-O O-O 7. c4 c5 8. Nc3 d5 9. Nxd5 Nxd5 10. Bxg7 Kxg7 11. cxd5 Qxd5 12. d4 Na6 {The position is equal.} 13. Nh4 {A30: Symmetrical English: Double Fianchetto and Hedgehog} (13. Qd2 {is more complex.} cxd4 14. Qxd4+ Qxd4 15. Nxd4 Bxg2 16. Kxg2 Rac8 17. Rfd1) 13... Qd7 14. dxc5 Qxd1 15. Rfxd1 Bxg2 16. Nxg2 Nxc5 17. Ne3 Rfd8 18. f3 f6 {[#]} 19. Rxd8 $146 ({Predecessor:} 19. Kf2 Kf7 20. Rxd8 Rxd8 {½-½ (43) Spassky,B (2620)-Andersson,U (2600) Reggio Emilia 1986}) 19... Rxd8 20. Rd1 Rxd1+ 21. Nxd1 $11 {KN-KN} Kf7 22. Kf2 Ke6 23. Ke3 Kd6 24. Nc3 Kc6 25. f4 Ne6 26. Ke4 {Accuracy: White = 81%, Black = 97%.} 1/2-1/2

[Event "39th IND-chT 2019"]
[Site "Kolkata"]
[Date "2019.02.11"]
[Round "9.3"]
[White "Karthikeyan, Murali"]
[Black "Srijit Paul"]
[Result "*"]
[WhiteElo "2560"]
[BlackElo "2340"]
[Annotator "TA"]
[PlyCount "30"]
[EventDate "2019.??.??"]
[EventCountry "IND"]
[SourceTitle "playchess.com"]
[Source "ChessBase"]
[SourceQuality "1"]

{[%evp 1,1,9]} 1. Nf3 {Predecessor:} d5 $146 2. d4 Nf6 3. c3 c5 4. e3 e6 5. Nbd2 Nbd7 6. Bd3 b6 7. Qe2 Bb7 8. O-O Be7 9. b3 O-O 10. Bb2 Rc8 11. Rac1 Bd6 12. c4 cxd4 13. exd4 Qe7 14. Ne5 Ba3 15. Bxa3 Qxa3 {½-½ (44) Kramnik,V (2777)-Ding,L (2813) Wijk aan Zee 2019} *

[Event "39th IND-chT 2019"]
[Site "Kolkata"]
[Date "2019.02.11"]
[Round "9.4"]
[White "Arpan, Das"]
[Black "Sengupta, Deep"]
[Result "0-1"]
[WhiteElo "2164"]
[BlackElo "2555"]
[Annotator "TA"]
[PlyCount "76"]
[EventDate "2019.??.??"]
[EventCountry "IND"]
[SourceTitle "playchess.com"]
[Source "ChessBase"]
[SourceQuality "1"]

{[%evp 15,76,8,10,10,9,14,9,0,13,-7,13,0,13,0,0,0,0,0,0,0,0,0,0,0,0,0,4,-79,-80,-81,-71,-73,-10,-27,0,-80,-91,-139,-102,-100,-93,-87,-100,-129,-131,-171,-122,-125,-138,-141,-45,-81,-88,-195,-193,-203,-192,-495,-491,-460,-473,-428,-286]} 1. e4 e6 2. d4 d5 3. Nc3 Nf6 4. e5 Nfd7 5. f4 c5 6. Nf3 Nc6 7. Be3 Be7 8. Qd2 O-O 9. Be2 {C11: French: Classical System: 4 e5 and 4 Bg5 dxe4} b6 10. O-O Bb7 11. Rad1 {The position is equal.} Rc8 12. Kh1 f6 13. dxc5 Nxc5 {[#]} 14. Nd4 $146 ({Predecessor:} 14. exf6 Bxf6 {½-½ (22) Giri,A (2734)-Morozevich,A (2736) Beijing 2013}) 14... fxe5 15. Nxc6 Bxc6 16. fxe5 Qe8 17. Rxf8+ Bxf8 18. Rf1 Qg6 {aiming for ...d4!} 19. Qd4 Nd7 20. Bd3 Qh5 21. Qf4 (21. b4 $1 $11 {remains equal.}) 21... Bc5 $17 22. Bxc5 bxc5 23. Be2 Qg6 (23... Qxe5 $17 24. Qf7+ Kh8) 24. Bd3 $11 Qh5 (24... Qe8 $11) 25. Be2 $17 Qxe5 26. Qf7+ Kh8 27. Bb5 {[#]} Qd6 $1 {Strongly threatening ...Rf8.} 28. Bxc6 Qxc6 29. Ne2 {[#]} Qd6 $1 30. Qh5 Rf8 31. Rxf8+ Qxf8 32. h3 g6 (32... Kg8 $17 33. a3 Qf7) 33. Qg4 Qd6 $36 {[%mdl 2048] Black is on the roll.} 34. h4 (34. Qh4 $17 {was worth a try.}) 34... Nf6 $19 35. Qf3 e5 36. Ng3 $2 (36. g4) 36... e4 {Black is clearly winning.} 37. Qf2 d4 38. h5 d3 {Accuracy: White = 43%, Black = 57%.} 0-1

[Event "39th IND-chT 2019"]
[Site "Kolkata"]
[Date "2019.02.11"]
[Round "9.5"]
[White "Bakre, Tejas"]
[Black "Barua, Dibyendu"]
[Result "1/2-1/2"]
[WhiteElo "2443"]
[BlackElo "2414"]
[Annotator "TA"]
[PlyCount "89"]
[EventDate "2019.??.??"]
[EventCountry "IND"]
[SourceTitle "playchess.com"]
[Source "ChessBase"]
[SourceQuality "1"]

{[%evp 24,89,57,53,70,59,61,44,50,33,38,32,40,45,34,43,41,45,66,69,60,41,87,60,83,45,69,54,77,85,82,83,85,45,50,26,45,39,76,78,91,91,104,86,89,18,62,38,54,27,81,63,120,117,139,81,89,72,61,50,81,8,8,8,21,8,6,-7]} 1. e4 e6 2. d4 d5 3. Nd2 Nf6 4. e5 Nfd7 5. Bd3 c5 6. c3 Nc6 7. Ne2 cxd4 8. cxd4 f6 9. exf6 Qxf6 10. Nf3 h6 11. O-O Bd6 12. Be3 O-O 13. Rc1 {LiveBook: 47 Games} a6 {C06: French Tarrasch: 3...Nf6 4 e5 Nfd7 5 Bd3 main lines} (13... Rd8 14. a3 Nf8 15. Qd2 Bd7 16. Bf4 Be8 17. Bxd6 Rxd6 18. Ng3 Bg6 19. Bb5 Be4 20. Ne5 Nxe5 21. dxe5 Qxe5 22. f4 {1-0 (22) Grandelius,N (2642)-Ivanov,S (2547) Sweden 2017}) 14. Bb1 Rf7 15. Ng3 Nf8 {White is slightly better.} 16. a3 $146 ({Predecessor:} 16. Ne1 Bd7 17. f4 Na5 18. b3 Ba3 19. Rc3 Bb5 20. Rf2 Bb4 21. Rcc2 Bxe1 22. Qxe1 {1-0 (38) Bernotas,A (2267)-Dragun,V (2002) Tallinn 2014}) 16... Bd7 17. Qd2 Be8 18. Nh5 Qd8 {[#] And now ...Rxf3! would win.} 19. Bf4 Bxf4 20. Nxf4 g5 21. Ne2 Qf6 22. Qe3 Qg7 23. Rfe1 Rc7 24. Ne5 Rac8 25. Nxc6 Rxc6 26. Rxc6 Rxc6 27. f4 Rb6 28. Qd2 Rc6 29. Nc3 Bg6 30. fxg5 hxg5 31. Ba2 Bf7 32. Re5 Nh7 33. Qe3 Qf6 34. Bb3 (34. h3 $16) 34... Kg7 35. Bc2 {Threatens to win with Bxh7.} Bg6 36. Ba4 {[%cal Bc2a4,Ba4d1,Bd1g4][%mdl 32]} Rb6 (36... b5 $11 {keeps the balance.} 37. Bb3 Qf4) 37. Bd1 Bf7 {[#]} (37... Qf4 $14) 38. Na4 $1 $16 {[%cal Ra4b6]} Rc6 39. Nc5 (39. g3 $142) 39... Qf4 40. Qxf4 gxf4 41. Bg4 {[%cal Rg4e6]} Nf8 42. Nxb7 (42. Re2 $16) 42... Rc4 $11 {The position is equal.} 43. Nc5 {[%cal Rc5e6]} Kf6 {Hoping for ...Rxc5.} 44. Nxa6 Rxd4 45. Re2 {Precision: White = 37%, Black = 53%.} 1/2-1/2

[Event "39th IND-chT 2019"]
[Site "Kolkata"]
[Date "2019.02.11"]
[Round "9.6"]
[White "Neelotpal, Das"]
[Black "Satyapragyan, Swayangsu"]
[Result "1/2-1/2"]
[WhiteElo "2409"]
[BlackElo "2381"]
[Annotator "TA"]
[PlyCount "74"]
[EventDate "2019.??.??"]
[EventCountry "IND"]
[SourceTitle "playchess.com"]
[Source "ChessBase"]
[SourceQuality "1"]

{[%evp 16,74,44,5,37,16,15,14,50,35,31,27,57,23,42,18,23,12,53,56,79,77,89,89,83,75,93,70,58,53,83,83,128,131,135,127,168,172,158,116,164,153,151,157,226,152,150,148,154,0,156,154,160,153,161,166,199,189,187,164,176]} 1. e4 e5 2. Nf3 Nc6 3. Bc4 Nf6 4. d3 h6 5. c3 d6 6. O-O g6 7. Re1 Bg7 8. Nbd2 O-O 9. Nf1 Qe7 {C55: Two Knights: 4 d3, 4 d4 exd4 5 e5 and Max Lange Attack} (9... Na5 10. Bb5 a6 11. Ba4 b5 12. Bc2 c5 13. d4 exd4 14. cxd4 Bg4 15. d5 Re8 16. Ng3 Nc4 17. h3 Bxf3 18. gxf3 h5 19. f4 h4 20. Nf1 {½-½ (67) Petrov,N (2593)-Amin,B (2710) St Petersburg 2018}) 10. Ng3 Rd8 $146 ({Predecessor:} 10... Nd8 11. d4 Nh7 12. h3 Be6 13. Bf1 Ng5 14. Nxg5 hxg5 15. Be3 f6 16. c4 c5 17. d5 {1-0 (47) Rabiega,R (2527)-Kalinitschew,S (2519) playchess.com INT 2004}) 11. Bb3 b6 {The position is equal.} 12. h3 Bb7 13. d4 Qf8 14. d5 Nb8 15. a4 c6 16. c4 Nbd7 17. a5 bxa5 18. Rxa5 Rdb8 19. Bd2 cxd5 20. cxd5 Bc8 21. Be3 a6 22. Qc2 Qd8 23. Rea1 $36 {[%mdl 2048] White is in control.} Bb7 24. Bc4 Rc8 25. Qe2 Nb8 26. Nd2 h5 27. Nf3 Nfd7 28. Bd3 Nc5 29. Bc2 Qc7 (29... Ncd7 $16 {is a better defense.} 30. b4 Nb6) 30. Ne1 Ncd7 31. Bd3 Nc5 32. Bc2 Ncd7 $1 33. Nf1 {White is clearly better.} Bf6 34. Nd2 Bd8 35. b4 Nb6 36. Bd3 {Strongly threatening b5.} N8d7 37. Bxa6 Bxa6 {Accuracy: White = 58%, Black = 34%.} 1/2-1/2

[Event "39th IND-chT 2019"]
[Site "Kolkata"]
[Date "2019.02.11"]
[Round "9.9"]
[White "Sidhant, Mohapatra"]
[Black "Vignesh N R"]
[Result "1/2-1/2"]
[WhiteElo "2330"]
[BlackElo "2473"]
[Annotator "TA"]
[PlyCount "18"]
[EventDate "2019.??.??"]
[EventCountry "IND"]
[SourceTitle "playchess.com"]
[Source "ChessBase"]
[SourceQuality "1"]

{[%evp 10,18,6,0,-7,-76,45,48,35,37,46]} 1. Nf3 Nf6 2. c4 e6 3. g3 d5 4. Bg2 dxc4 5. O-O Nbd7 6. Qc2 Nb6 {A13: English Opening: 1...e6} 7. Na3 {[#]} (7. Re1 $11) (7. a4 a5 8. Na3 Bxa3 9. Rxa3 O-O 10. e4 e5 11. Nxe5 Qd4 12. Qc3 Qxc3 13. Rxc3 Be6 14. d4 Nxa4 {1-0 (40) Wei,Y (2738)-Ponomariov,R (2699) Danzhou 2017}) 7... Qd5 (7... Bxa3 $1 $17 8. bxa3 Bd7) 8. b3 $146 {[%cal Rb3c4]} ({Predecessor:} 8. Re1 Qc5 9. b3 cxb3 10. Qxb3 Bd7 11. d4 Qb4 12. Qd3 Bc6 13. e4 O-O-O 14. Rb1 {1-0 (32) Kaid,A (2242)-De Bruycker,B (2217) Belgium 2001}) 8... cxb3 9. axb3 c6 1/2-1/2